LIBRARY & INFORMATION CENTRE, KCAET, TAVANUR

ONLINE PUBLIC ACCESS CATALOGUE (OPAC)

Performance evaluation of high discharge low head pumps (Record no. 15244)

MARC details
000 -LEADER
fixed length control field 00553nam a22001697a 4500
003 - CONTROL NUMBER IDENTIFIER
control field OSt
088 ## - REPORT NUMBER
Report number T 84
100 ## - MAIN ENTRY--AUTHOR NAME
Personal name S. RINI RANI
245 ## - TITLE STATEMENT
Title Performance evaluation of high discharge low head pumps
260 ## - PUBLICATION, DISTRIBUTION, ETC. (IMPRINT)
Place of publication Tavanur 1998
Name of publisher Kelappaji College of Agricultural Engineering and Technology
300 ## - PHYSICAL DESCRIPTION
Number of Pages 137
500 ## - GENERAL NOTE
General note Performance evaluation of high discharge low head pumps
520 ## - SUMMARY, ETC.
Summary, etc Performance evaluation of high discharge low head pumps
700 ## - ADDED ENTRY--PERSONAL NAME
Personal name Dr. K. John Thomas (Guide)
942 ## - ADDED ENTRY ELEMENTS (KOHA)
Koha item type Theses
Holdings
Collection code Home library Current library Shelving location Full call number Accession Number Koha item type Public note
Reference KAUAET KAUAET Reference 631.587 RIN/PE T 84 Theses M.Tech Thesis
free website counter